000 00332nam a22001457a 4500
003 SGT
082 _a610.7362
_bS16K
100 _aKAUR, RUPINDER
245 _aSOLVED PAPERS IN CHILD HEALTH NURSING
250 _a1ST
260 _aINDIA
_bPEE VEE PUB
_c2016
300 _a131
650 _aCHILD HEALTH NURSING
942 _2ddc
_cBK
999 _c34885
_d34885